|
|
|
|
| LEADER |
00000nas a22000007a 4500 |
| 001 |
ssj0066322 |
| 003 |
WaSeSS |
| 005 |
20200512172242.0 |
| 006 |
m d |
| 007 |
cr n |
| 008 |
090114d20092013nyumn p s 0 a0eng d |
| 010 |
|
|
|a 2009208675
|
| 022 |
|
|
|l 1947-1149
|y 1947-1149
|
| 035 |
|
|
|a (WaSeSS)ssj0066322
|
| 037 |
|
|
|b Parenting Group, 2 Park Ave., New York, NY 10016
|
| 040 |
|
|
|a OQX
|b eng
|c OQX
|d GK8
|d DLC
|d NSD
|d DLC
|d BRL
|d OCLCQ
|d GUA
|d OCLCF
|d OCLCQ
|d JDP
|d OCLCO
|d WaSeSS
|
| 042 |
|
|
|a lccopycat
|a nsdp
|
| 050 |
1 |
4 |
|a HQ768
|b .P324x
|
| 082 |
1 |
0 |
|a 649
|2 14
|
| 222 |
|
0 |
|a Parenting. School years
|
| 245 |
0 |
0 |
|a Parenting.
|p School years
|h [electronic resource].
|
| 246 |
1 |
3 |
|a School years
|
| 260 |
|
|
|a New York :
|b Parenting Group,
|c ©2009-
|
| 310 |
|
|
|a Monthly (except combined Dec./Jan.)
|
| 362 |
0 |
|
|a Vol. 23, no. 1 (Feb. 2009)-
|
| 362 |
1 |
|
|a Ceased with vol. XXVII, No. 6 = Issue 276 (July 2013).
|
| 500 |
|
|
|a Title from cover.
|
| 506 |
|
|
|a License restrictions may limit access.
|
| 580 |
|
|
|a Companion to: Parenting, Early years.
|
| 588 |
|
|
|a Latest issue consulted: Vol. XXVII, No. 6 = Issue 276 (July 2013).
|
| 650 |
|
0 |
|a Child rearing
|v Periodicals.
|
| 650 |
|
7 |
|a Child rearing.
|2 fast
|0 (OCoLC)fst00854588
|
| 655 |
|
0 |
|a Electronic journals.
|
| 780 |
0 |
1 |
|t Parenting (San Francisco, Calif.)
|x 0890-247X
|w (DLC)sf 93091156
|w (OCoLC)14179299
|
| 787 |
1 |
|
|t Parenting. Early years
|w (DLC) 2009208739
|w (OCoLC)298363815
|
| 850 |
|
|
|a DLC
|
| 853 |
2 |
0 |
|8 1
|a v.
|b no.
|u 12
|v r
|i (year)
|j (month)
|w m
|x 02
|y om01
|
| 856 |
4 |
0 |
|z Full text available from Research Library: 02/01/2009 to 07/31/2013
|u https://search.proquest.com/publication/75951
|
| 863 |
4 |
1 |
|8 1.1
|a 23
|b 1
|i 2009
|j 02
|